000 00625nam a2200205Ia 4500
001 12643
003 GE_BSU
008 181216s||||||||xx |||||||||||||| ||und||
040 _cGE_BSU
080 _a613.32:576.8
245 _aМикробиология=Water Pollution microbiology
245 _cПод.ред.Р.Митчелла.Пер. с англ. Г.Г.Калина. Ред.Р.Т.Маликова
260 _aМосква
260 _bМедицина
260 _c1976
300 _a319стр.21см.
653 _aМикробиология
653 _aმიკრობიოლოგია
942 _cBK
999 _c45814
_d45814